000 00310 a2200145 4500
001 150661
040 _cEscola São Tomás de Aquino
100 _aMACHADO, Ana Maria
240 1 0 _aOnde está Deus
_lpor
245 1 0 _aOnde está Deus
300 _a36
362 0 _a2008
697 _aRELIGIÃO
942 _cBK
999 _c150661
_d150661